[Event "World Blitz 2025"]
[Site "Doha QAT"]
[Date "2025.12.29"]
[Round "12.88"]
[White "Gokerkan, Cem Kaan"]
[Black "Rodrigue-Lemieux, Shawn"]
[Result "1-0"]
[WhiteTitle "GM"]
[BlackTitle "GM"]
[WhiteElo "2510"]
[BlackElo "2517"]
[WhiteFideId "6336760"]
[BlackFideId "2620049"]
[EventDate "2025.12.29"]

1. e4 c6 2. d4 d5 3. f3 e6 4. Nc3 Bb4 5. Bd2 Ne7 6. a3 Bxc3 7. Bxc3 b6 8. Qd2
Ba6 9. Ne2 Nd7 10. O-O-O O-O 11. h4 c5 12. dxc5 bxc5 13. exd5 exd5 14. Nf4 Bxf1
15. Rhxf1 d4 16. Ba5 Nb6 17. Rfe1 Nc6 18. Bxb6 axb6 19. Qd3 Qd6 20. g3 h6 21.
Re4 Rfc8 22. Rde1 Rab8 23. Qb5 Qf6 24. Kb1 Qd6 25. h5 Ra8 26. Qb3 b5 27. Qd5 Qf6
28. Qd7 Kh7 29. Nd5 Qxf3 30. Nb6 Rd8 31. Qxc6 Ra7 32. Qxc5 d3 33. cxd3 Rxd3 34.
Qc2 f5 35. Rf4 Qxg3 36. Ref1 Rf7 37. Rxf5 Rxf5 38. Rxf5 Qe1+ 39. Ka2 Qe4 40. Rf2
b4 41. axb4 Qe6+ 42. Nc4 Qe4 43. Ne5 Qd5+ 44. b3 Qa8+ 45. Kb2 1-0

[Event "World Blitz 2025"]
[Site "Doha QAT"]
[Date "2025.12.29"]
[Round "12.89"]
[White "Anton Guijarro, David"]
[Black "Tran, Thanh Tu"]
[Result "1-0"]
[WhiteTitle "GM"]
[BlackTitle "IM"]
[WhiteElo "2646"]
[BlackElo "2402"]
[WhiteFideId "2285525"]
[BlackFideId "12401404"]
[EventDate "2025.12.29"]

1. d4 Nf6 2. Nf3 g6 3. Bg5 Bg7 4. Nbd2 d6 5. e4 O-O 6. h3 Nbd7 7. Bd3 e5 8. c3
h6 9. Be3 Nh5 10. O-O Nf4 11. Bxf4 exf4 12. Re1 b6 13. a4 a5 14. Qb3 Kh7 15. Bc4
Qe7 16. Bd5 Rb8 17. Re2 Ba6 18. Bc4 Bb7 19. Rae1 Rbe8 20. Bb5 Rd8 21. Qc4 Nb8
22. Qb3 Nd7 23. Bd3 Kh8 24. Nc4 Ba8 25. Qc2 Rfe8 26. Ncd2 c5 27. Qb3 cxd4 28.
cxd4 Rb8 29. Bb5 Rec8 30. Bc4 Kg8 31. Bd5 Bxd5 32. exd5 Qf8 33. Qb5 Nf6 34. Ne4
Nxe4 35. Rxe4 g5 36. Qd7 Rd8 37. Qf5 Re8 38. h4 Rxe4 39. Rxe4 Re8 40. hxg5 Rxe4
41. Qxe4 hxg5 42. Nxg5 Qd8 43. Qh7+ Kf8 44. Qf5 Qf6 45. Nh7+ 1-0

[Event "World Blitz 2025"]
[Site "Doha QAT"]
[Date "2025.12.29"]
[Round "12.90"]
[White "Aravindh, Chithambaram VR."]
[Black "Sapenov, Daniyal"]
[Result "1-0"]
[WhiteTitle "GM"]
[BlackTitle "IM"]
[WhiteElo "2703"]
[BlackElo "2440"]
[WhiteFideId "5072786"]
[BlackFideId "13728911"]
[EventDate "2025.12.29"]

1. d4 Nf6 2. c4 e6 3. Nc3 Bb4 4. Qc2 d5 5. cxd5 exd5 6. Bg5 h6 7. Bh4 g5 8. Bg3
Nc6 9. e3 h5 10. Bb5 h4 11. Be5 O-O 12. Bxc6 bxc6 13. h3 Ne4 14. Ne2 Ba6 15. O-O
Nxc3 16. bxc3 Bd6 17. f4 f6 18. Qg6+ Kh8 19. Qh5+ Kg8 20. Bxd6 Qxd6 21. fxg5
Bxe2 22. Qg6+ Kh8 23. Qh6+ Kg8 24. Qg6+ Kh8 25. gxf6 Qg3 26. Qh6+ Kg8 27. Rf5
Kf7 28. Qh7+ Ke6 29. Re5+ Kxf6 30. Qf5+ Kg7 31. Re7+ 1-0

[Event "World Blitz 2025"]
[Site "Doha QAT"]
[Date "2025.12.29"]
[Round "12.91"]
[White "Chasin, Nico"]
[Black "Christiansen, Johan-Sebastian"]
[Result "1-0"]
[WhiteTitle "IM"]
[BlackTitle "GM"]
[WhiteElo "2517"]
[BlackElo "2655"]
[WhiteFideId "30908477"]
[BlackFideId "1512668"]
[EventDate "2025.12.29"]

1. d4 Nf6 2. c4 c5 3. d5 b5 4. cxb5 a6 5. bxa6 e6 6. Nc3 exd5 7. Nxd5 Nxa6 8. e4
Nxd5 9. exd5 d6 10. Bc4 Be7 11. Nf3 O-O 12. O-O Bf6 13. Qe2 Nc7 14. Bf4 Rb8 15.
Nd2 Rxb2 16. Rab1 Rxb1 17. Rxb1 Bf5 18. Rb7 Re8 19. Qf3 Re1+ 20. Nf1 Be4 21. Qg3
Bh4 22. Qxh4 f6 23. Qg3 Ne8 24. h4 h5 25. a4 Qc8 26. Re7 Qd8 27. Bxd6 Rc1 28.
Bb5 Bg6 29. Qxg6 1-0

[Event "World Blitz 2025"]
[Site "Doha QAT"]
[Date "2025.12.29"]
[Round "12.92"]
[White "Chigaev, Maksim"]
[Black "Raja, Harshit"]
[Result "1-0"]
[WhiteTitle "GM"]
[BlackTitle "GM"]
[WhiteElo "2626"]
[BlackElo "2472"]
[WhiteFideId "4108116"]
[BlackFideId "5089000"]
[EventDate "2025.12.29"]

1. Nf3 d5 2. g3 Nf6 3. Bg2 g6 4. O-O Bg7 5. d3 O-O 6. Nbd2 c5 7. e4 Nc6 8. Re1
e5 9. a3 Qc7 10. exd5 Nxd5 11. Ne4 b6 12. c4 Nde7 13. Rb1 a5 14. h3 Be6 15. Nfg5
Bc8 16. Nc3 Bb7 17. Nd5 Nxd5 18. cxd5 Nd4 19. Be3 Nf5 20. b4 Nxe3 21. Rxe3 axb4
22. axb4 Rad8 23. bxc5 Qxc5 24. Ne4 Qd4 25. Qb3 Bxd5 26. Qxb6 f5 27. Ng5 Bxg2
28. Qe6+ Kh8 29. Kxg2 Qd7 30. Qxd7 Rxd7 31. Ne6 Re8 32. Rb6 Bf6 33. h4 Bd8 34.
Rc6 Bf6 35. Nc5 Rf7 36. Rf3 Kg7 37. h5 Rfe7 38. hxg6 hxg6 39. g4 f4 40. Ne4 Re6
41. Rc7+ R6e7 42. Rc5 Rd7 43. Rh3 Red8 44. g5 Be7 45. Rxe5 Rf8 46. Rf3 Rf5 47.
Rxf5 gxf5 48. Nd2 Bxg5 49. Nc4 Kf6 50. Kf1 Ke6 51. Rh3 Rb7 52. Rh8 Rb1+ 53. Kg2
Bf6 54. Ra8 Rd1 55. Ra6+ Kf7 56. Nd6+ Kf8 57. Nxf5 Be5 58. d4 Bc7 59. Ra8+ Kf7
60. Kf3 Bb6 61. Rb8 Ba5 62. Rb5 Bd2 63. Rb3 Ke6 64. Nh4 Kd5 65. Nf5 Ke6 66. Rb5
Bc3 67. Re5+ Kf6 68. Rc5 Rd3+ 69. Ke4 Rh3 70. f3 Bd2 71. Rc6+ Kg5 72. Rc8 Kf6
73. Rf8+ Ke6 74. d5+ Kd7 75. Rf7+ Ke8 76. Rb7 Rh1 77. d6 Rd1 1-0

[Event "World Blitz 2025"]
[Site "Doha QAT"]
[Date "2025.12.29"]
[Round "12.93"]
[White "Puranik, Abhimanyu"]
[Black "Krallis, Christos"]
[Result "1-0"]
[WhiteTitle "GM"]
[BlackTitle "IM"]
[WhiteElo "2622"]
[BlackElo "2416"]
[WhiteFideId "5061245"]
[BlackFideId "4298896"]
[EventDate "2025.12.29"]

1. e4 e5 2. Nf3 Nc6 3. Bc4 Bc5 4. d3 Nf6 5. a4 a6 6. O-O Ba7 7. h3 d6 8. Nc3 h6
9. Be3 Bxe3 10. fxe3 Be6 11. Bxe6 fxe6 12. d4 O-O 13. Qd3 Qe7 14. Rad1 Rad8 15.
Rd2 d5 16. Nxe5 Nxe5 17. dxe5 Nh5 18. Rxf8+ Rxf8 1-0

[Event "World Blitz 2025"]
[Site "Doha QAT"]
[Date "2025.12.29"]
[Round "12.94"]
[White "Henriquez Villagra, Cristobal"]
[Black "Iniyan, Pa"]
[Result "1-0"]
[WhiteTitle "GM"]
[BlackTitle "GM"]
[WhiteElo "2598"]
[BlackElo "2598"]
[WhiteFideId "3409350"]
[BlackFideId "25002767"]
[EventDate "2025.12.29"]

1. e4 c5 2. d3 d6 3. f4 g6 4. a4 Bg7 5. Nf3 Nc6 6. Be2 e6 7. O-O Nge7 8. c3 f5
9. Be3 b6 10. Qe1 O-O 11. Nbd2 h6 12. Kh1 Qd7 13. Qg3 Bb7 14. Rae1 Rae8 15. Qh3
Rf7 16. Bd1 Ba6 17. Bc2 fxe4 18. Nxe4 Nd5 19. Nh4 Nxe3 20. Qxe3 Ne7 21. Qg3 Nf5
22. Nxf5 gxf5 23. Nd2 Kh7 24. Bd1 Bf6 25. Bh5 Rg8 26. Bxf7 Qxf7 27. Qe3 Qg6 28.
Rf2 Bh4 29. g3 Bb7+ 30. Kg1 Qh5 31. Nf1 Bc8 32. Qf3 Qf7 33. Qc6 Qe7 34. Qf3 Qf7
35. Rfe2 Bb7 36. Qe3 e5 37. fxe5 f4 38. Rf2 Qd5 39. Qe4+ Qxe4 40. dxe4 dxe5 41.
Kh1 Bg5 42. Nd2 Rd8 43. Nc4 Ba6 44. Nxe5 Re8 45. Nf3 Bb7 46. Nxg5+ hxg5 47. Kg1
Rg8 48. e5 Kg6 49. e6 Rh8 50. gxf4 gxf4 51. Rxf4 Rg8 52. Re3 Kh5+ 53. Rg3 Rd8
54. Re3 Rd1+ 1-0

[Event "World Blitz 2025"]
[Site "Doha QAT"]
[Date "2025.12.29"]
[Round "12.95"]
[White "Sankalp, Gupta"]
[Black "Motylev, Alexander"]
[Result "0-1"]
[WhiteTitle "GM"]
[BlackTitle "GM"]
[WhiteElo "2557"]
[BlackElo "2573"]
[WhiteFideId "5097010"]
[BlackFideId "4121830"]
[EventDate "2025.12.29"]

1. Nf3 d5 2. e3 Nf6 3. c4 e6 4. Nc3 Bd6 5. b3 b6 6. cxd5 exd5 7. g3 O-O 8. Bg2
Ba6 9. Ne2 Nbd7 10. O-O Nc5 11. Ne1 Nd3 12. Nxd3 Bxd3 13. Bb2 c6 14. Rc1 Rc8 15.
Re1 Re8 16. Rc3 Bg6 17. Bh3 c5 18. d4 Ne4 19. Rc1 Ng5 20. Bg2 Bh5 21. dxc5 Bxc5
22. Qxd5 Qxd5 23. Bxd5 Rcd8 24. Nf4 Nf3+ 25. Bxf3 Bxf3 26. Bc3 Ba3 27. Ra1 Rc8
28. Bd4 Rc2 29. Nd3 f6 30. Nf4 Kf7 31. h3 Rec8 32. g4 Bb4 33. Rf1 Bd6 34. Ng2
Be2 35. Rfb1 Ba3 36. Ne1 R2c6 37. Kg2 h5 38. gxh5 Bxh5 39. Nf3 Bg6 40. Rg1 Be4
41. h4 Bd6 42. Rh1 g5 43. hxg5 fxg5 44. Kg1 Bxf3 45. Rh7+ Kg6 46. Rg7+ Kf5 47.
Rf7+ Kg4 0-1

[Event "World Blitz 2025"]
[Site "Doha QAT"]
[Date "2025.12.29"]
[Round "12.96"]
[White "Balakrishnan, Praveen"]
[Black "Kosakowski, Jakub"]
[Result "0-1"]
[WhiteTitle "GM"]
[BlackTitle "GM"]
[WhiteElo "2507"]
[BlackElo "2549"]
[WhiteFideId "2064871"]
[BlackFideId "1185080"]
[EventDate "2025.12.29"]

1. e4 c6 2. d4 d5 3. e5 Bf5 4. Nf3 e6 5. Be2 Ne7 6. c3 Ng6 7. O-O f6 8. h3 Nd7
9. Re1 fxe5 10. dxe5 Bc5 11. Nd4 O-O 12. Be3 Qh4 13. Nf3 Qe7 14. Bxc5 Nxc5 15.
Nbd2 Nf4 16. Nb3 Ne4 17. Bf1 Ng5 18. Nxg5 Qxg5 19. Kh2 Bxh3 20. g3 Bxf1 21. Rxf1
Qxe5 22. Qd4 Qg5 23. Qe3 Qh6+ 24. Kg1 Nh3+ 25. Kg2 Rxf2+ 26. Qxf2 Nxf2 27. Rxf2
Rf8 28. Re2 Qf6 29. Rae1 Qf3+ 30. Kh2 Rf5 31. Re5 Qh5+ 0-1

[Event "World Blitz 2025"]
[Site "Doha QAT"]
[Date "2025.12.29"]
[Round "12.69"]
[White "Bjerre, Jonas Buhl"]
[Black "Altini, Nicola"]
[Result "0-1"]
[WhiteTitle "GM"]
[BlackTitle "IM"]
[WhiteElo "2623"]
[BlackElo "2360"]
[WhiteFideId "1444948"]
[BlackFideId "833924"]
[EventDate "2025.12.29"]

1. e4 c5 2. Nf3 g6 3. Bc4 Bg7 4. c3 e6 5. d4 cxd4 6. Nxd4 d5 7. exd5 exd5 8.
Bb5+ Bd7 9. O-O Ne7 10. Re1 O-O 11. Bg5 f6 12. Bf4 Nbc6 13. Ne6 Bxe6 14. Rxe6
Ne5 15. Ba4 Kh8 16. Na3 a6 17. Nc2 Nf5 18. Nd4 Qc8 19. Rb6 Nc4 20. Rb4 b5 21.
Bc2 Nxd4 22. Qxd4 Qc6 23. a4 f5 24. Qd3 Rfe8 25. h4 Rac8 26. axb5 axb5 27. Ra7
Qb6 28. Ra1 d4 29. cxd4 Bxd4 30. Bb3 Bxf2+ 31. Kh1 Qc5 32. Bd2 Re4 33. Bc3+ Kg8
34. g3 Qc6 35. Kh2 Rce8 36. Ra7 Bd4 37. Bxc4+ bxc4 38. Qxc4+ Qxc4 39. Rxc4 Bxa7
40. Rc7 R4e7 0-1

[Event "World Blitz 2025"]
[Site "Doha QAT"]
[Date "2025.12.29"]
[Round "12.70"]
[White "Harikrishnan, A. Ra"]
[Black "Lodici, Lorenzo"]
[Result "1/2-1/2"]
[WhiteTitle "GM"]
[BlackTitle "GM"]
[WhiteElo "2531"]
[BlackElo "2590"]
[WhiteFideId "5081483"]
[BlackFideId "884189"]
[EventDate "2025.12.29"]

1. Nf3 Nf6 2. g3 c5 3. Bg2 Nc6 4. c4 d6 5. Nc3 g6 6. d4 cxd4 7. Nxd4 Bd7 8. O-O
Bg7 9. Nc2 h5 10. Bg5 Qa5 11. Nd5 Nxd5 12. cxd5 Ne5 13. Bd2 Qb6 14. Bc3 O-O 15.
Ne3 Rac8 16. Rc1 Qa6 17. a3 Ng4 18. Nxg4 Bxc3 19. Nh6+ Kg7 20. Rxc3 Rxc3 21.
Qd4+ Kxh6 22. Qxc3 Qb6 23. Rc1 Rc8 24. Qd2+ Kh7 25. Rxc8 Bxc8 26. Qc3 Bf5 27. e4
Bg4 28. b4 f6 29. Bf1 Kg7 30. Kg2 Bd7 31. Be2 Kf7 32. h4 Qd8 33. Qe3 b6 34. Qh6
Qf8 35. Qc1 Qc8 36. Qh6 Qf8 37. Qc1 Qc8 38. Qh6 1/2-1/2

[Event "World Blitz 2025"]
[Site "Doha QAT"]
[Date "2025.12.29"]
[Round "12.71"]
[White "Raja, Rithvik R"]
[Black "Materia, Marco"]
[Result "0-1"]
[WhiteTitle "GM"]
[BlackTitle "IM"]
[WhiteElo "2541"]
[BlackElo "2497"]
[WhiteFideId "35007394"]
[BlackFideId "45150451"]
[EventDate "2025.12.29"]

1. Nf3 d5 2. g3 Nf6 3. Bg2 e6 4. O-O Be7 5. c4 O-O 6. d4 c6 7. Qc2 b6 8. Bf4
Nbd7 9. Rd1 Bb7 10. Ne5 Nxe5 11. dxe5 Nd7 12. cxd5 cxd5 13. e4 dxe4 14. Bxe4
Bxe4 15. Qxe4 Nc5 16. Qf3 Qe8 17. Nc3 f5 18. exf6 Bxf6 19. Bd6 Rf7 20. Qe3 Rc8
21. Rac1 h6 22. b4 Nb7 23. Ne4 Rxc1 24. Rxc1 Qd8 25. Nxf6+ Qxf6 26. Rc8+ Kh7 27.
Qe4+ Qf5 28. Qxf5+ exf5 29. Be5 Rd7 30. h4 Nd8 31. a4 Nf7 32. Bb8 g5 33. hxg5
hxg5 34. b5 Kg6 35. Rc7 Rd1+ 36. Kg2 g4 37. Rc6+ Kg7 38. Bf4 Rd4 39. a5 bxa5 40.
Ra6 Rb4 41. Rxa5 Rb1 42. Be3 Kg6 43. Ra6+ Kg7 44. Ra5 Kf6 45. f3 Rb2+ 46. Kf1
Rb1+ 47. Ke2 gxf3+ 48. Kxf3 Ne5+ 49. Ke2 Nc4 50. Bd4+ Ke6 51. Ra4 Nd6 52. Bxa7
Nxb5 53. Ra5 Rb2+ 54. Kf3 Rb3+ 55. Kg2 Nd6 56. Ra6 Kd5 57. Bg1 Ne4 58. Ra5+ Ke6
59. Bh2 Rb2+ 60. Kh1 Nf2+ 61. Kg1 Ng4 62. Ra6+ Ke5 63. Ra5+ Kf6 64. Ra6+ Kg5 65.
Ra8 Nxh2 66. Rg8+ Kf6 67. Rf8+ Ke5 68. Re8+ Kd4 69. Kh1 Nf3 70. Rh8 Ke3 71. g4
Kf2 0-1

[Event "World Blitz 2025"]
[Site "Doha QAT"]
[Date "2025.12.29"]
[Round "12.72"]
[White "Volokitin, Andrei"]
[Black "Kuandykuly, Danis"]
[Result "0-1"]
[WhiteTitle "GM"]
[BlackTitle "FM"]
[WhiteElo "2619"]
[BlackElo "2372"]
[WhiteFideId "14107090"]
[BlackFideId "13752260"]
[EventDate "2025.12.29"]

1. e4 e5 2. Nf3 Nc6 3. Bb5 Nge7 4. Nc3 Ng6 5. d4 exd4 6. Nxd4 Nxd4 7. Qxd4 c6 8.
Be2 Qb6 9. Qd3 Be7 10. O-O O-O 11. a4 d6 12. Be3 Qc7 13. f4 Kh8 14. Qd2 f5 15.
Bd3 fxe4 16. Nxe4 Bf5 17. Ng3 Bxd3 18. Qxd3 d5 19. Nh5 Bd6 20. g3 Ne7 21. g4 Ng6
22. Bd4 Nxf4 23. Rxf4 Bxf4 24. Bxg7+ Kg8 25. Bxf8 Rxf8 26. Qe2 Bd6 27. c3 Qf7
28. h3 Bc5+ 29. Kg2 Qf2+ 30. Qxf2 Rxf2+ 31. Kg3 Rxb2 32. Rf1 Rb3 33. Nf6+ Kh8
34. Nh5 Rxc3+ 35. Kh4 Be7+ 36. g5 Rc4+ 37. Kg3 Kg8 38. Rf5 d4 39. Kf3 Rc5 0-1

[Event "World Blitz 2025"]
[Site "Doha QAT"]
[Date "2025.12.29"]
[Round "12.73"]
[White "Galaviz Medina, Sion Radamantys"]
[Black "Can, Emre"]
[Result "1-0"]
[WhiteTitle "IM"]
[BlackTitle "GM"]
[WhiteElo "2514"]
[BlackElo "2541"]
[WhiteFideId "5123119"]
[BlackFideId "6302181"]
[EventDate "2025.12.29"]

1. d4 g6 2. c4 Bg7 3. Nc3 c5 4. d5 Bxc3+ 5. bxc3 f5 6. e3 d6 7. Bd3 Nf6 8. Ne2
Nbd7 9. O-O Ne5 10. f3 Qa5 11. h3 Bd7 12. a4 g5 13. Qc2 Nxd3 14. Qxd3 O-O-O 15.
Ng3 Kb8 16. Bd2 Qa6 17. a5 g4 18. hxg4 fxg4 19. f4 h5 20. e4 h4 21. Ne2 g3 22.
e5 Ng4 23. e6 Be8 24. Qe4 Bh5 25. f5 Nf6 26. Qd3 Bxe2 27. Qxe2 Rdg8 28. Bf4 Nxd5
29. Qd3 Nf6 30. Rab1 Qxa5 31. Bxd6+ exd6 32. Qxd6+ Qc7 33. Rxb7+ Kxb7 34. Rb1+
Kc8 35. Qa6+ Kd8 36. e7+ Ke8 37. Qxf6 Rh7 38. Qe6 Rf7 39. f6 Rg6 40. Rb8+ 1-0

[Event "World Blitz 2025"]
[Site "Doha QAT"]
[Date "2025.12.29"]
[Round "12.74"]
[White "Suyarov, Mukhammadzokhid"]
[Black "Nurgaliyev, Sauat"]
[Result "1-0"]
[WhiteTitle "IM"]
[BlackTitle "IM"]
[WhiteElo "2454"]
[BlackElo "2437"]
[WhiteFideId "14210495"]
[BlackFideId "13726285"]
[EventDate "2025.12.29"]

1. d4 d6 2. Nc3 Nf6 3. e4 e5 4. Nf3 Nbd7 5. Bc4 Be7 6. a4 O-O 7. O-O c6 8. Ba2
a5 9. Re1 Qc7 10. h3 h6 11. dxe5 dxe5 12. Nh4 Bb4 13. Qf3 Qd8 14. Nf5 Kh7 15.
Rd1 Ng8 16. Be3 g6 17. Nd6 Qe7 18. Nc4 Ngf6 19. Ne2 Bc5 20. Ng3 Bxe3 21. Qxe3
Nc5 22. Nd6 b6 23. Bc4 Be6 24. Bxe6 Qxe6 25. Rd2 Rad8 26. Rad1 Rd7 27. b3 Rfd8
28. Nc4 Nxa4 29. Rxd7 Rxd7 30. Ra1 Rd4 31. f3 Rxc4 32. bxc4 Qxc4 33. Kh2 Nc5 34.
Rd1 a4 35. Rd6 Kg7 36. Rxc6 Qb5 37. Rd6 Qb2 38. f4 exf4 39. Qxf4 Ne6 40. Qe3 a3
41. Rxb6 Qxc2 42. Qxa3 Nxe4 43. Qa1+ Kh7 44. Rb7 Nxg3 45. Qf6 Nf1+ 46. Qxf1 Ng5
47. Qf4 Qc6 48. Rc7 Qe6 49. h4 Qe4 50. Rxf7+ Kg8 51. hxg5 1-0

[Event "World Blitz 2025"]
[Site "Doha QAT"]
[Date "2025.12.29"]
[Round "12.75"]
[White "Gharibyan, Mamikon"]
[Black "Vetokhin, Savva"]
[Result "1/2-1/2"]
[WhiteTitle "GM"]
[BlackTitle "GM"]
[WhiteElo "2491"]
[BlackElo "2572"]
[WhiteFideId "13308300"]
[BlackFideId "44144474"]
[EventDate "2025.12.29"]

1. e4 e5 2. Nf3 Nc6 3. Bb5 a6 4. Ba4 Nf6 5. O-O Be7 6. d3 b5 7. Bb3 d6 8. c3 Na5
9. Bc2 c5 10. d4 cxd4 11. cxd4 Qc7 12. Nc3 O-O 13. Bg5 Bg4 14. dxe5 dxe5 15.
Bxf6 Bxf6 16. Nd5 Qd8 17. a4 Be6 18. axb5 axb5 19. Qd3 Bxd5 20. exd5 g6 21. Qxb5
Qc7 22. Be4 Rfb8 23. Qd3 Qd6 24. Nd2 Bd8 25. g4 Bb6 26. Ra2 Bd4 27. Kg2 Qf6 28.
Nf3 Nb7 29. Rxa8 Rxa8 30. b4 Nd6 31. Nxd4 exd4 32. Bf3 Rb8 33. Rb1 Qe5 34. b5 f5
35. h3 fxg4 36. hxg4 Rb6 37. Rb4 Kg7 38. Qxd4 Qxd4 39. Rxd4 Rxb5 40. Ra4 Kf6 41.
Ra6 Ke5 42. Ra7 Rb7 43. Ra8 Rf7 44. Kg3 Rd7 45. Ra4 g5 46. Ra1 Ne4+ 47. Bxe4
Kxe4 48. Ra4+ Ke5 49. Ra6 Rxd5 50. Ra7 Rd3+ 51. f3 h6 52. Ra6 Rd6 53. Ra5+ Kd4 1/2-1/2

[Event "World Blitz 2025"]
[Site "Doha QAT"]
[Date "2025.12.29"]
[Round "12.76"]
[White "Ibrahimli, Murad"]
[Black "Tin, Jingyao"]
[Result "0-1"]
[WhiteTitle "IM"]
[BlackTitle "GM"]
[WhiteElo "2438"]
[BlackElo "2584"]
[WhiteFideId "13410229"]
[BlackFideId "5804418"]
[EventDate "2025.12.29"]

1. d4 Nf6 2. c4 e6 3. Nf3 d5 4. g3 Bb4+ 5. Bd2 a5 6. a3 Be7 7. Qc2 O-O 8. Bg2 b6
9. cxd5 exd5 10. O-O c5 11. Bg5 Nbd7 12. Nc3 Bb7 13. Rad1 Qc8 14. Nh4 Re8 15.
Nf5 Bf8 16. dxc5 Bxc5 17. Be3 Ne5 18. Bxc5 Qxc5 19. Nd4 Rac8 20. Qb3 Nc4 21. e3
Red8 22. Na4 Qc7 23. Nc3 Ba6 24. Ncb5 Qc5 25. a4 h6 26. Rc1 Ne4 27. Bxe4 dxe4
28. Rc3 Qb4 29. Rfc1 Qxb3 30. Nxb3 Bxb5 31. axb5 Nd6 32. Rxc8 Rxc8 33. Rxc8+
Nxc8 34. Nd4 Nd6 35. b3 Kf8 36. Kf1 Ke7 37. Ke2 Kf6 38. Kd2 Ke5 39. Kc3 Kd5 40.
g4 g6 41. h4 Kc5 42. Kc2 Nxb5 43. Ne2 Kd6 44. h5 gxh5 45. gxh5 Ke5 46. Nf4 Nc7
47. Ne2 Nd5 48. Ng3 f5 49. Ne2 f4 50. Kd2 fxe3+ 51. fxe3 Nf6 52. Ng3 b5 53. Kc3
Nd5+ 54. Kd2 a4 55. bxa4 bxa4 56. Nf1 Kf5 57. Ng3+ Ke5 58. Nf1 Nf6 59. Ng3 Nd5
60. Nf1 a3 61. Kc2 Kf5 62. Ng3+ Ke5 63. Nf1 Nb4+ 64. Kb3 a2 65. Kb2 Kd5 66. Ng3
Nc2 67. Kxa2 Nxe3 68. Kb1 Kd4 69. Kc1 Kd3 70. Kb1 Ng4 71. Kc1 Nf2 0-1

[Event "World Blitz 2025"]
[Site "Doha QAT"]
[Date "2025.12.29"]
[Round "12.97"]
[White "Suleymenov, Alisher"]
[Black "Dardha, Daniel"]
[Result "1-0"]
[WhiteTitle "GM"]
[BlackTitle "GM"]
[WhiteElo "2505"]
[BlackElo "2603"]
[WhiteFideId "13707833"]
[BlackFideId "240990"]
[EventDate "2025.12.29"]

1. d4 Nf6 2. c4 e6 3. Nc3 Bb4 4. a3 Bxc3+ 5. bxc3 b6 6. f3 Nc6 7. e4 Ba6 8. Bd3
Na5 9. Qe2 d6 10. f4 c5 11. e5 Nd7 12. Nf3 cxd4 13. cxd4 Qc8 14. f5 Bxc4 15.
fxe6 fxe6 16. O-O Qa6 17. exd6 O-O 18. Qxe6+ Bxe6 19. Bxa6 Bc4 20. Bxc4+ Nxc4
21. Bg5 Rf5 22. Rac1 Nxd6 23. Rc7 Nf6 24. Re1 Nfe4 25. Be7 Re8 26. Bxd6 Nxd6 27.
Rxe8+ Nxe8 28. Rxa7 Rd5 29. Kf2 Nf6 30. Ke3 Rb5 31. Kd3 Rb2 32. Nd2 h6 33. Kc3
Rb5 34. a4 Rg5 35. g3 Rh5 36. h4 Rf5 37. Kd3 Rf2 38. Ne4 Nxe4 39. Kxe4 Rg2 40.
Kf3 Rd2 41. Ke3 Rg2 42. Kf4 Rd2 43. Ke5 Rg2 44. Rb7 Rxg3 45. Rxb6 Ra3 46. Ra6 g5
47. hxg5 hxg5 48. d5 Kf7 49. Ra7+ Ke8 50. Kd6 g4 51. a5 g3 52. Rg7 Rxa5 53. Rg8+
Kf7 54. Rxg3 Ra6+ 55. Kc7 Ra7+ 56. Kb6 Re7 57. d6 Re1 58. Kc7 Rc1+ 59. Kd8 Ra1
60. d7 Ke6 61. Ke8 Rh1 62. Re3+ 1-0

[Event "World Blitz 2025"]
[Site "Doha QAT"]
[Date "2025.12.29"]
[Round "12.98"]
[White "Urkedal, Frode Olav Olsen"]
[Black "Amin, Bassem"]
[Result "0-1"]
[WhiteTitle "GM"]
[BlackTitle "GM"]
[WhiteElo "2568"]
[BlackElo "2626"]
[WhiteFideId "1506102"]
[BlackFideId "10601457"]
[EventDate "2025.12.29"]

1. d4 f5 2. Bg5 h6 3. Bh4 g5 4. Bg3 Bg7 5. e3 Nf6 6. h4 d6 7. hxg5 hxg5 8. Rxh8+
Bxh8 9. Nc3 c6 10. Bd3 Bg7 11. Nh3 g4 12. Nf4 Kf7 13. Bc4+ e6 14. Qd3 d5 15. Bb3
c5 16. dxc5 Na6 17. Qe2 Nxc5 18. Nd3 Nfe4 19. Nxe4 Nxe4 20. Be5 Nf6 21. O-O-O
Bd7 22. Nf4 a5 23. a3 b5 24. f3 Qe7 25. fxg4 Nxg4 26. Nxd5 exd5 27. Bxd5+ Be6
28. Bxg7 Bxd5 29. Rxd5 Kxg7 30. Rxf5 Qxe3+ 31. Qxe3 Nxe3 32. Rxb5 Rd8 33. b3
Rd1+ 34. Kb2 Rd2 35. Rxa5 Rxc2+ 36. Kb1 Rxg2 37. Re5 Nd1 38. Rc5 Kf6 39. Rc2 Rg1
40. Ka2 Ne3 41. Re2 Nd5 42. Rc2 Ke5 43. b4 Kd4 44. Rd2+ Kc4 45. Kb2 Nc3 46. Kc2
Ra1 47. Rd8 Ra2+ 48. Kc1 Kb3 0-1

[Event "World Blitz 2025"]
[Site "Doha QAT"]
[Date "2025.12.29"]
[Round "12.99"]
[White "Morris, James"]
[Black "Petrov, Nikita"]
[Result "1-0"]
[WhiteTitle "IM"]
[BlackTitle "GM"]
[WhiteElo "2422"]
[BlackElo "2578"]
[WhiteFideId "3205800"]
[BlackFideId "4101286"]
[EventDate "2025.12.29"]

1. e4 e5 2. Nf3 Nc6 3. g3 Nf6 4. d3 Bc5 5. Bg2 d6 6. O-O O-O 7. h3 a5 8. Kh2 Be6
9. Ng5 Bc8 10. c4 Nd4 11. Nc3 h6 12. Nf3 c6 13. Nxd4 Bxd4 14. Ne2 Bb6 15. f4
exf4 16. Nxf4 Qe7 17. Bd2 Bd4 18. Bc3 Bxc3 19. bxc3 Be6 20. Rb1 Rab8 21. a3 b5
22. cxb5 cxb5 23. Ne2 Qc7 24. Rxf6 gxf6 25. Qd2 Kh7 26. Rf1 Qc5 27. h4 Rg8 28.
d4 Qh5 29. Rxf6 Rg7 30. Bf3 Bg4 31. Nf4 1-0

[Event "World Blitz 2025"]
[Site "Doha QAT"]
[Date "2025.12.29"]
[Round "12.100"]
[White "Idani, Pouya"]
[Black "Gaehwiler, Gabriel"]
[Result "0-1"]
[WhiteTitle "GM"]
[BlackTitle "IM"]
[WhiteElo "2611"]
[BlackElo "2382"]
[WhiteFideId "12510130"]
[BlackFideId "1314530"]
[EventDate "2025.12.29"]

1. e4 e5 2. Nf3 Nf6 3. d4 Nxe4 4. dxe5 d5 5. Nbd2 Be7 6. c3 Nc5 7. Be2 O-O 8.
O-O Ne6 9. Nd4 f6 10. Nxe6 Bxe6 11. exf6 Bxf6 12. Nb3 Nd7 13. Be3 c6 14. Qd2 Ne5
15. Nc5 Bc8 16. f4 Nf7 17. Nb3 Nd6 18. Bd3 Bf5 19. Bxf5 Nxf5 20. Bc5 Be7 21.
Rae1 Nd6 22. Qe3 Ne4 23. Bxe7 Qxe7 24. Nd2 Rfe8 25. Nxe4 dxe4 26. f5 Rad8 27.
Rf4 Rd3 28. Qxa7 e3 29. Rd4 Rd2 30. Qa4 Rxb2 31. Qc4+ Kh8 32. Rg4 h6 33. h3 Qf6
34. Qd3 Rd2 35. Qb1 b5 36. Qc1 Qxf5 37. Rf1 Rf2 38. Qe1 Rf8 0-1